000 00643nam a2200229Ia 4500
008 220216s9999 xx 000 0 und d
100 _aOkino E Y A
245 0 _aCement-bonded wood particleboard with a mixture of eucalypt and rubberwood
260 _bCement and Concrete Composites
_c2004
300 _a729-734
500 _afrom net
650 _aBiodegradation
650 _aInorganic-bonded particleboard
650 _aWhite and brown rotters
650 _aWood properties
700 _aAlves M V S
700 _ade Sousa M E
700 _ade Souza M R
700 _aSantana M A E
700 _aTeixeira D E
942 _cBO
999 _c47953
_d47953